Zelené verejné obstarávanie a jeho možnosti na Slovensku bakalárska práca

Salvato in:
Dettagli Bibliografici
Autore principale: Horňák, Matej
Ente Autore: Národohospodárska fakulta EU. Katedra hospodárskej politiky
Altri autori: Petríková, Kristína
Natura: Libro
Lingua:slovacco
Pubblicazione: Bratislava 2018
Tags: Aggiungi Tag
Nessun Tag, puoi essere il primo ad aggiungerne!!

MARC

LEADER 00000nbm a2200000 4500
001 0245824
005 20181213130422.6
041 0 |a slo 
044 |a SK 
245 1 0 |a Zelené verejné obstarávanie a jeho možnosti na Slovensku  |b bakalárska práca  |c Matej Horňák ; školiteľ: Kristína Petríková 
264 1 |a Bratislava  |c 2018 
300 |a 46 s. 
100 1 |a Horňák, Matej 
700 1 |a Petríková, Kristína 
710 2 |a Národohospodárska fakulta EU. Katedra hospodárskej politiky